[Event "World-ch Anand-Gelfand playoff +1-0=3"]
[Site "Moscow"]
[Date "2012.05.30"]
[Round "1"]
[White "Gelfand, Boris"]
[Black "Anand, Viswanathan"]
[Result "1/2-1/2"]
[WhiteElo "2727"]
[BlackElo "2791"]
[Annotator "Ftacnik,L"]
[PlyCount "64"]
[EventDate "2012.05.30"]
[EventType "match (rapid)"]
[EventRounds "4"]
[EventCountry "RUS"]
[SourceTitle "CBM 149"]
[Source "ChessBase"]
[SourceDate "2012.07.17"]
[SourceVersion "1"]
[SourceVersionDate "2012.07.17"]
[SourceQuality "1"]

1. d4 d5 2. c4 c6 3. Nc3 Nf6 4. e3 e6 5. Nf3 Nbd7 6. Qc2 Bd6 7. Bd3 O-O 8. O-O
e5 9. cxd5 cxd5 10. e4 {With the queen on c2 White can claim to have at least
minimally better development. Black is conceding as much, but the disadvantage
is so small as to be nearly negligible.} exd4 11. Nxd5 Nxd5 12. exd5 h6 13. b3
$146 {The modest novelty is unpleasant for Black, as he must have concentrated
on the line with 13.Nxd4 Qh4 leading to the battle similar to Karpov-Kramnik/
Las Palmas/1996.} (13. Re1 Nf6 14. Nxd4 Nxd5 15. Be4 Nf6 16. Nf5 {1/2-1/2
Shankland,S (2580)-Kaidanov,G (2598)/Philadelphia 2012} Bb4 17. Rd1 Qa5 18. Ne3
Nxe4 19. Qxe4 Be6 $15) (13. Nxd4 Qh4 (13... Bxh2+ 14. Kxh2 Qh4+ 15. Kg1 Qxd4
16. Qd2 Qh4 17. Qf4 Qxf4 18. Bxf4 Nf6 19. Bc4 Bf5 20. Rfe1 Rfe8 21. Re5 Rac8
22. Bb3 Rxe5 23. Bxe5 Nd7 24. Bd4 $14 {1-0 Rohde,M (2555)-Kelleher,W/Boston
1988 (59)}) (13... Ne5 14. Nf5 Nxd3 15. Qxd3 Be5 16. Rd1 Qf6 17. Ng3 Rd8 18. f4
Bxf4 19. Bxf4 Qxf4 20. Qc3 Qg5 21. Ne4 Qg6 22. Qd4 Bf5 23. Nc3 $14 {1-0 Oms
Pallisse,J (2528)-Cuartas,J (2534)/Barcelona 2010 (47)}) 14. Nf3 (14. f4 Nf6 $1
15. Nb5 Rd8 16. Nxd6 Rxd6 17. Bd2 Rxd5 18. Be1 Qh5 19. Bc3 Bf5 (19... Ng4 $2
20. h3 $1 Ne3 $2 21. Rae1 $1 Nxc2 22. Re8#) 20. Bxf5 Qxf5 21. Qxf5 Rxf5 22.
Rad1 Nd5 23. Bd2 Rc8 $10 {1/2-1/2 Sokolov,I (2645)-Morovic Fernandez,I (2575)/
Leon 1995 (48)}) 14... Qh5 15. Bh7+ (15. Be2 Nf6 16. g3 Bh3 17. Re1 Rac8 18.
Qd1 Rfe8 19. Be3 Qxd5 20. Qxd5 Nxd5 21. Bxa7 Bb4 22. Bb5 Bxe1 23. Bxe8 Bxf2+
24. Bxf2 {1/2-1/2 Pelletier,Y (2474)-Fridman,D (2550)/Essen 2000}) 15... Kh8
16. Qf5 g5 $1 (16... Qxf5 17. Bxf5 Nf6 18. Bc2 $1 (18. Bxc8 $6 Rfxc8 19. Rd1
Rc5 20. Be3 Rxd5 (20... Rb5 $1 $10) 21. Rxd5 Nxd5 22. Rd1 Nxe3 23. Rxd6 Ng4 24.
h3 Nf6 25. Ne5 Kg8 26. g4 Rc8 27. Kg2 Kf8 $10 {1/2-1/2 Rohde,M-Ramayrat,C/
USA-op (03)/1987 (52)}) 18... Bg4 (18... b6 19. Bb3 Bb7 20. Rd1 Rad8 21. Be3
Be7 22. Bf4 Bxd5 23. Ne5 Kg8 24. Kf1 Rfe8 25. Bxd5 Rxd5 26. Nc6 Bc5 $11 {
1/2-1/2 Ivanisevic,I (2636)-Beliavsky,A (2617)/Porto Carras 2011 (29)}) (18...
Nxd5 $2 19. Rd1 Nb4 $8 (19... Be6 $2 20. Bb3) 20. Bb3 Bc7 (20... Be7 21. Ne5
Kg8 22. Ng6) (20... Bc5 21. Ne5 Kg8 22. Nd7) 21. Be3 $36 {/\ Bc5} Nc6 22. Bc5)
19. Bb3 Bxf3 20. gxf3 Nh5 (20... Nd7 21. f4 Rfe8 22. Kg2 Nf8 23. f5 $1 Re4 24.
Bd2 Nd7 25. Rae1 Rd4 26. Be3 Rb4 27. Rd1 Kg8 28. Rd4 $1 Rxd4 29. Bxd4 $16 Kf8 (
29... Rc8 $5) 30. Rc1 Nf6 31. h3 $1 $16 {1-0 Chernin,A (2620)-Savchenko,S 
(2580)/Bratislava 1996 (47)}) 21. Be3 Nf4 22. Rfd1 Rfd8 23. Bc4 Kg8 24. a4 Ng6
25. Rac1 Nh4 26. f4 $16 {1-0 Sokolov,I (2665)-Piket,J (2570)/Nussloch 1996 (63)
}) (16... Nf6 17. Qxh5 Nxh5 18. Bc2 Nf6 19. Rd1 $16) 17. h4 $5 (17. Be3 Ne5 (
17... Nb6 $4 18. Bd4+) (17... Kg7 18. Bd4+ f6 $13 19. Qe6 Bf4 20. Qe4 Ne5 21.
Bxe5 fxe5 22. Rac1 Rf7 23. Rc3 g4 24. Nh4 Bxh2+ 25. Kxh2 Qxh4+ 26. Kg1 Qg5 27.
Qc2 $16 {1-0 Onischuk,A (2687)-Perez Rodriguez,L (2483)/Monterrey 2010 (44)})
18. Qf6+ Kxh7 19. Nxe5 Bxe5 20. Qxe5 $16) (17. b3 $5 Kg7 18. Bb2+ f6 19. Qe6
Bf4 20. Qe4 Nc5 21. Qe7+ Rf7 22. Qxc5 Kxh7 23. Rfe1 Bg4 24. Re7 Bxf3 25. Rxf7+
Kg8 26. h3 Kxf7 27. Re1 $16 {1-0 Golod,V (2515)-Fridman,D (2480)/Rishon Le
Ziyyon 1997 (30)}) (17. Bd2 $5) 17... Nb6 (17... Ne5 $6 18. Qf6+ Kxh7 19. Nxe5
(19. Qxd6 $2 Nxf3+ 20. gxf3 Qxf3 21. Qxf8 $2 Bh3 $19) 19... Bxe5 20. Qxe5 Qxh4
21. Bd2 $16) 18. Qf6+ Kxh7 19. Qxd6 Bg4 20. Nh2 (20. Ne5 Rad8 21. Qb4 Bf5 22.
hxg5 $16) (20. hxg5 Bxf3 21. gxf3 hxg5 22. Kg2 g4 $10) 20... Rad8 (20... Qxh4
21. Qb4 Bh5 22. Qxh4 gxh4 $10) 21. Qb4 Bf5 22. hxg5 (22. g4 $2 {does not work}
Qxh4) 22... Nxd5 23. Qxb7 (23. Qd2 Rg8 24. gxh6 $140 $2 Bh3) 23... hxg5 24. Qb3
$1 Rh8 (24... Kg6 25. Qf3 Qh6 26. Qg3 Rh8 27. Bd2 Nf6 $132) 25. Qf3 (25. Qg3
Kg6 26. Be3 Rh7 $17) 25... g4 26. Qg3 Nf6 27. f3 {1/2-1/2 Karpov,A (2775)
-Kramnik,V (2765)/Las Palmas 1996 (38)} Rhg8 $11) 13... Ne5 14. Nxe5 (14. Nxd4
Nxd3 15. Qxd3 Re8 16. Bb2 Re5 17. Rfe1 Rxd5 18. Qf3 Re5 $11) 14... Bxe5 15. Re1
Re8 {For the moment Black must be careful, as White can claim a small pull on
his position.} (15... Qxd5 16. Ba3 Rd8 (16... Re8 $2 17. f4 $18) (16... Bd6 $2
17. Be4 $18) 17. Bc4 Qa5 18. Qg6 Rd7 19. Qh5 Qxa3 20. Qxe5 Rd8 21. Rad1 $14)
16. Bb2 (16. f4 Bf6 17. Rxe8+ Qxe8 18. Bd2 Qd8 19. Re1 Bg4 20. Qc5 Rc8 21. Qb5
b6 $14) 16... Bd7 17. Qd2 Qf6 18. g3 Rac8 {Anand might have anticipated the
strong move of the white queen to the b4-square.} (18... a5 19. f4 Bc7 20.
Rxe8+ Rxe8 21. Re1 $14) 19. a4 $2 {Gelfand's unfortunate move only weakens his
position with the immediate consequence of facing unpleasant challenges.} (19.
Qb4 $5 Qb6 20. Qxb6 axb6 21. Kg2 $14) 19... Qf3 $1 20. Be4 (20. Qe2 Qxd5 21.
Bc4 Qd6 22. Qh5 g6 23. Qxh6 Bg7 24. Qd2 Bc6 $15) 20... Qxb3 21. Reb1 (21. Bxd4
Bxd4 22. Qxd4 Rc4 23. Qd3 Qxd3 24. Bxd3 Rxe1+ 25. Rxe1 Rd4 26. Rd1 Rxa4 $17)
21... Bxg3 $2 {[%mdl 64] The position is full of dangerous tactics, but the
great grandmasters have no time to do a proper job of calculating intriguing
variations. Black could have claimed a serious advantage after the clever move
21...Rc4!?, but it vanished in the heat of the fight.} (21... Rc4 $5 22. a5 (
22. Bxd4 $2 Rxd4 23. Qxd4 Bxd4 24. Rxb3 Bxa1 $19) 22... Bf6 23. Qd3 Qxd3 24.
Bxd3 Rc5 $17) 22. Ra3 $1 Qb6 (22... Qc4 23. Rc1 Bf4 24. Qxf4 Qe2 25. Rxc8 Bxc8
26. Bg6 fxg6 27. Qxd4 Qg4+ 28. Qxg4 Bxg4 29. Re3 $11) 23. Bxd4 {The world
challenger is rising to the occasion with the best moves, suddenly it is time
for White to take some care about his own safety.} Bxh2+ 24. Kxh2 Qd6+ 25. Rg3
Rxe4 26. Bxg7 Kh7 $6 {Anand must have felt some trepidation about the dangers
of White's g-file battery. Objectively stronger was the move 26..Rg4 taming
down the most dangerous tendencies of the enemy pieces.} (26... Rg4 27. Qxh6
Qxh6+ 28. Bxh6 Rxg3 29. Kxg3 b6 $11) 27. Rxb7 $1 Rg8 (27... Rg4 28. Qxh6+ Qxh6+
29. Bxh6 Rxg3 30. Kxg3 Bxa4 31. Bf4 a6 $14) 28. Qxh6+ $6 {The match went into
playoff and the level of excitement in each rapid game is difficult to imagine
or reproduce. Under the circumstances it has become impossible for White to
find the cool and dangerous solution in 28.Qd3!} (28. Qd3 $1 Qf4 (28... f5 29.
Bb2 $16) 29. Kg2 (29. f3 Qh4+ 30. Kg2 Bh3+ 31. Kf2 Bf5 32. fxe4 Rxg7 33. Rxf7
Rxf7 34. exf5 Qf4+ 35. Kg2 Qxf5 $11) 29... Rxg7 (29... Qf5 30. Rxd7 Qxd7 31.
Qxe4+ f5 32. Qe5 Rxg7 33. d6 $16) 30. Rxd7 Qe5 31. d6 Qd4 32. Qb3 $14) 28...
Qxh6+ 29. Bxh6 Rxg3 30. Kxg3 Bc8 31. Rc7 Kxh6 32. Rxc8 Rxa4 {Both players must
have been happy aftere surviving an unpleasant scares in relevant sections of
the game.} 1/2-1/2

[Event "World-ch Anand-Gelfand playoff +1-0=3"]
[Site "Moscow"]
[Date "2012.05.30"]
[Round "2"]
[White "Anand, Viswanathan"]
[Black "Gelfand, Boris"]
[Result "1-0"]
[WhiteElo "2791"]
[BlackElo "2727"]
[Annotator "Stohl,I"]
[PlyCount "153"]
[EventDate "2012.05.30"]
[EventType "match (rapid)"]
[EventRounds "4"]
[EventCountry "RUS"]
[SourceTitle "CBM 149"]
[Source "ChessBase"]
[SourceDate "2012.07.17"]
[SourceVersion "1"]
[SourceVersionDate "2012.07.17"]
[SourceQuality "1"]

1. e4 c5 2. Nf3 Nc6 3. Bb5 (3. d4 cxd4 4. Nxd4 Nf6 5. Nc3 e5 6. Ndb5 d6 7. Bg5
a6 8. Na3 b5 9. Nd5 Be7 10. Bxf6 Bxf6 11. c4 b4 12. Nc2 O-O 13. g3 a5 14. Bg2
Bg5 15. O-O Be6 16. Qd3 Bxd5 17. cxd5 Nb8 18. a3 Na6 19. axb4 Nxb4 20. Nxb4
axb4 21. h4 Bh6 22. Bh3 Qb6 23. Bd7 b3 24. Bc6 Ra2 $11 {Anand,V (2791)-Gelfand,
B (2727)/WCh Moscow/2012/ Anand abandoned further attempts to get an advantage
in the Sveshnikov after Game 5}) 3... e6 4. Bxc6 bxc6 5. b3 {Anand returns to
the continuation from Game 10 with a new idea up his sleeve.} ({Game 12
featured} 5. d3 Ne7 6. b3 d6 7. e5 Ng6 8. h4 $5 Nxe5 9. Nxe5 dxe5 10. Nd2 c4 $1
11. Nxc4 Ba6 12. Qf3 Qd5 13. Qxd5 cxd5 14. Nxe5 f6 15. Nf3 e5 16. O-O Kf7 17.
c4 Be7 18. Be3 Bb7 19. cxd5 Bxd5 20. Rfc1 a5 21. Bc5 Rhd8 $44 22. Bxe7 {
1/2,Anand,V (2791)-Gelfand,B (2727)/WCh Moscow/2012/}) 5... e5 {Gelfand
remains true to his rare reaction.} ({However, in the Tal memorial Radjabov
had success with the more standard} 5... d6 6. e5 $5 dxe5 (6... d5 7. d3 Ne7 8.
O-O Ng6 9. c4 Be7 10. Nc3 O-O 11. Re1 f6 12. Bb2 fxe5 13. Na4 e4 14. dxe4 d4
15. e5 Nf4 16. Ba3 Qa5 17. Re4 Bd7 18. Bc1 Ng6 19. Ne1 Rf5 20. Nd3 Raf8 21. f4
Be8 22. Qe2 Nh4 23. Bd2 Qd8 24. Rf1 $16 {Caruana,F (2770)-Radjabov,T (2784)/
Moscow blitz/2012/}) 7. Nxe5 Qd5 $5 (7... Qd4 8. Nc4 $1 Qxa1 9. Nc3 {[%csl Ra1]
[%cal Ye1g1,Yd1f3,Yc1a3]}) (7... Qg5 8. Nf3 Qxg2 9. Rg1 Qh3 10. Bb2 f6 11. Qe2
e5 12. Na3 Ne7 13. O-O-O $44 Ng6 14. d4 cxd4 15. Nxd4 Bd7 16. Rg3 Qh6+ 17. Kb1
Be7 18. Ndb5 cxb5 19. Rxd7 a6 20. Bc1 Qxc1+ 21. Kxc1 Bxa3+ 22. Kb1 Kxd7 23. b4
$1 $14 {Hracek,Z (2510)-Araslanov,F (2260)/Pardubice/1993/}) 8. Nf3 Qe4+ 9. Kf1
Qf5 10. Nc3 (10. Na3 Nf6 11. d3 Nd5 12. Nc4 Ba6 13. Qe2 Bxc4 14. bxc4 Qf6 15.
Rb1 Nc3 16. Bb2 Rb8 17. Qe1 Bd6 18. Bxc3 Rxb1 19. Bxf6 Rxe1+ 20. Kxe1 gxf6 21.
Ke2 Kd7 22. Rb1 Kc7 23. g4 h6 24. Nd2 h5 $11 {Grischuk,A (2761)-Radjabov,T 
(2784)/Moscow Tal mem/2012/}) 10... Nf6 11. d3 Be7 12. Qe2 Nd5 13. Bd2 Nb4 14.
Be1 O-O 15. Ne4 f6 16. h3 e5 17. Kg1 Rb8 18. Kh2 Qg6 19. Ng3 Qf7 20. Bc3 Bd7
21. Rhe1 Rfe8 22. Qd2 Bf8 23. Ng1 Rbd8 24. Bb2 Nd5 $132 {McShane,L (2706)
-Radjabov,T (2784)/Moscow Tal mem/2012/ Black's piece play compensates his
compromised pawn-structure.}) (5... f6 6. O-O Ne7 $5 (6... e5 7. c3 d5 8. Qe2
dxe4 9. Qxe4 Qd5 (9... Ne7 $1 $13) 10. d3 Ne7 11. c4 Qd8 12. Rd1 Bf5 13. Qe2
Bg4 14. Nc3 Qd7 15. h3 Be6 16. Ne4 Nf5 17. Ba3 Nd4 18. Nxd4 cxd4 19. Bxf8 Rxf8
20. f4 $1 $16 {Naiditsch,A (2689)-Jakovenko,D (2736)/Moscow blitz/2009/}) (6...
Nh6 7. d4 Nf7 8. Ba3 cxd4 9. Bxf8 Kxf8 10. Qxd4 $14) 7. Nh4 g6 8. Bb2 Bg7 9. d3
O-O 10. f4 g5 $5 (10... d6 11. Nd2 e5 12. fxe5 fxe5 13. Rxf8+ Bxf8 14. Qe1 Be6
15. Nhf3 h6 16. Qg3 Bg7 17. Rf1 {1/2,Adams,M (2731)-Radjabov,T (2670)/FIDE WCh
Tripoli/2004/} g5 $11 {[%cal Ye7g6]}) 11. fxg5 fxg5 12. Bxg7 Rxf1+ 13. Qxf1
Kxg7 14. Nf3 Ng6 15. Nc3 g4 16. Nd2 Qa5 17. Ncb1 Ba6 18. Qf2 Rf8 19. Qe3 Qb4
$132 {[%cal Yb4d4] 1/2,Adams,M (2726)-Zhang Pengxiang (2640)/Merida/2008/}) 6.
Nxe5 {The most principled follow-up.} (6. O-O d6 {trsnsposes to lines, which
are considered satisfactory for Black:} 7. Re1 (7. c3 f5 $1 $132) 7... Be7 8.
d3 Nf6 9. c3 O-O 10. d4 exd4 11. cxd4 d5 12. exd5 Nxd5 13. Ba3 Nb4 14. Nc3 Bg4
15. dxc5 Bxc5 16. Ne4 Qa5 17. Bb2 Rad8 18. Qc1 Nd3 19. Qg5 Nxb2 20. Qxc5 Qxc5
21. Nxc5 Bxf3 22. gxf3 Rd5 23. Rac1 Rxc5 24. Rxc5 Nd3 $11 {Timman,J (2665)
-Sveshnikov,E (2525)/Tilburg/1992/}) 6... Qe7 7. d4 $5 $146 {[%mdl 8]} (7. Bb2
d6 8. Nc4 d5 $5 (8... Qxe4+ 9. Ne3 Nf6 10. Bxf6 gxf6 11. Nc3 Qg6 12. Qf3 Bd7
13. Ne4 (13. O-O-O O-O-O 14. d4 d5 15. Kb1 f5 16. Ne2 Rg8 17. Nf4 Qf6 18. c3
Bd6 19. dxc5 Bxc5 20. c4 {Shaposhnikov,E (2525)-Bocharov,D (2403)/Kazan/2001/}
Bf8 $1 $132) 13... Be7 14. Ng3 $36) 9. Ne3 (9. Ne5 f6 10. Nxc6 Qxe4+ 11. Kf1 a5
{[%csl Rc6]}) 9... d4 10. Nc4 Qxe4+ 11. Qe2 Qxe2+ 12. Kxe2 Be6 13. d3 Nf6 14.
Nbd2 O-O-O 15. Rhe1 Be7 16. Kf1 Rhe8 17. Ba3 Nd5 18. Ne4 Nb4 19. Re2 Bxc4 20.
bxc4 f5 21. Bxb4 cxb4 22. Nd2 Bd6 23. Rxe8 Rxe8 24. Nb3 c5 25. a3 {1/2,Anand,V
(2791)-Gelfand,B (2727)/WCh Moscow/2012/} bxa3 26. Rxa3 Kb7 27. Ra5 a6 $11)
7... d6 (7... f6 8. Nf3 Qxe4+ {Anand's intention was the more enterprising} 9.
Kd2 $5 {[%cal Rh1e1]} (9. Be3 Ba6 10. c4 cxd4 11. Qxd4 Bb4+ 12. Nbd2 Qxd4 13.
Nxd4 Ne7 14. a3 Bxd2+ (14... Ba5 $132) 15. Kxd2 c5 16. Nb5 Bxb5 17. cxb5 d6 18.
b4 c4 19. Kc3 Nd5+ 20. Kxc4 Nxe3+ 21. fxe3 Kd7 22. Rhd1 $14 {Nouro,M (2330)
-Pudas,T (2313)/Helsinki/2012/ This game was played about 3 weeks later.}) 9...
Ne7 10. Re1 $13 {White's king may find safety on b2, or even return to the
kingside via e2.}) 8. Nxc6 Qxe4+ 9. Qe2 Qxe2+ 10. Kxe2 Bb7 11. Na5 $1 {White
can fight for the initiative only by returning the pawn.} (11. d5 Ne7 $1 12.
Nxe7 Bxe7 {[%csl Rd5]} 13. Nc3 (13. c4 $4 Bf6) (13. Rd1 Bf6 14. c3 Kd7 $44)
13... Bf6 14. Bb2 Kd7 15. Rhd1 Ba6+ 16. Kf3 Rhe8 17. Re1 Bb7 $11) 11... Bxg2
12. Rg1 Bh3 (12... Be4 13. dxc5 dxc5 14. Nc3 $5 (14. Na3 O-O-O $13) 14... Bxc2
15. Be3 $44 {[%csl Rc5][%cal Ra1c1,Rc3a4]}) 13. dxc5 dxc5 14. Nc3 O-O-O {
Activating the rook and taking the king out of the centre is the right
reaction, but it cost Gelfand 5 minutes.} 15. Bf4 (15. Be3 Nh6 16. Rad1 Rxd1
17. Rxd1 Nf5 $132) 15... Bd6 {[%mdl 512] Another 6 minutes for this sacrifice,
which enables Black to finish his development and harass White's king.} ({
However,} 15... Nf6 $5 {/\} 16. Nb5 Rd7 17. Rad1 Nd5 18. Bg3 a6 (18... h5 $5
19. c4 a6 20. Na7+ Rxa7 21. Rxd5 Rh6 $132 {Shipov}) 19. Na7+ Rxa7 20. Rxd5 Rd7
$11 {was perhaps possible as well.}) 16. Bxd6 Rxd6 17. Rg5 (17. Rxg7 Nh6 18.
Rg3 {/\} Re8+ 19. Re3 Rxe3+ 20. Kxe3 Nf5+ 21. Kf4 Rd2 22. Ne4 Rxc2 23. Nc4 $14
{/~~ is a typical computer recommendation, it's hard to believe Black doesn't
have enough play against the exposed king.}) ({Nielsen suggests} 17. Nc4 $5
Re6+ (17... Rg6 18. Ne4 $36) 18. Kd2 Bf5 19. Rad1 $14 {[%csl Ra7,Gc1,Rc5,Rc8]
[%cal Yd2c1] and this seems to give White an edge - the main factor is his
safer king.}) 17... Nf6 $5 18. Rxc5+ Kb8 19. Nc4 (19. Nb5 Rd7 20. Nd4 $5 $14)
19... Re8+ 20. Ne3 {White prefers to keep his king as safe as possible.} ({
The engines heartlily recommend} 20. Kf3 Rd4 21. Rg1 (21. Nb5 $5) (21. Kg3 Be6
22. f3 $5 $14) 21... Bg4+ 22. Kg2 Bc8 $5 $14) 20... Ng4 (20... Nh5 21. Rd1 $5
Bg4+ (21... Nf4+ $2 22. Kf3 Rf6 23. Ne4 $18) 22. f3 Nf4+ 23. Kf2 $16 {/+/=})
21. Ncd5 Nxe3 (21... Nxh2 22. Rh1 Bg2 23. Rxh2 Bxd5 24. Rxh7 $16) 22. Nxe3 (22.
fxe3 $5 Bg2 23. c4 Rde6 24. Rb5+ Kc8 25. Rc1 $1 Rh6 26. Rc5+ Kb8 27. Nf4 Rxh2 (
27... Be4 28. h3 $14) 28. Rh5 Rxh5 29. Nxh5 Be4 30. Rg1 $14 (30. Nxg7 Rg8 $44))
22... Bg4+ $1 {This intermediate check gives Black at least equality, but he
is running short of time and the fight continues.} 23. f3 (23. Kf1 Bh3+ 24. Ke1
Rh6 $132 {[%csl Rh2][%cal Yh3c8]}) 23... Bc8 {[%cal Rc8a6]} 24. Re1 {The best
way to continue the fight.} Rh6 25. Rh1 Rhe6 (25... Bb7 $1 {[%cal Rb7f3,Rh6h3]}
26. h4 Rhe6 27. Rc3 f5 $11) (25... Rd6 $5 $132) 26. Rc3 f5 27. Kd2 (27. f4 $6
Re4 $36 {[%csl Rf4]}) 27... f4 28. Nd5 g5 (28... Rd6 29. Rd3 Bf5 30. Rd4 Be6
31. c4 Bxd5 32. cxd5 Re5 33. Rb4+ Ka8 34. Rxf4 Rdxd5+ $44) 29. Rd3 (29. h4 Bb7
(29... Rh6 $13) 30. Rd3 Rh6 $132) 29... Re2+ 30. Kc1 Rf2 (30... Bb7 $5 31. h4
g4 32. Nxf4 (32. fxg4 $6 f3 $36) 32... Rf2 $44) 31. h4 Ree2 $6 {Now White can
continue the fight.} (31... Bb7 $142 {[%cal Rf2f3]} 32. hxg5 Ree2 {Here White
can't protect c2, after} 33. Kb2 Rxc2+ 34. Ka3 Rxa2+ 35. Kb4 Rad2 $11 {the
most likely result is a draw.}) 32. Rc3 (32. Nb4 g4 $44 (32... a5 $2 33. Nc6+
Kc7 34. Nd4 $18)) 32... Bb7 33. Rd1 gxh4 34. Nxf4 Re8 35. Rh1 Rc8 (35... Bxf3
36. Rxh4 Re4 37. Rc5 h5 $14 {and it's difficult to make progress with White.})
36. Rxc8+ Bxc8 37. Rxh4 (37. Nd3 Rxf3 38. Rxh4 Bf5 $1 39. Rf4 (39. Kd2 Bxd3 40.
cxd3 Rf2+ $14) 39... Rxf4 40. Nxf4 Kc7 $14 {[%csl Gh7] Both rook and minor
piece endgames give White only limited practical winning chances - here the
distant passed pawn distract at least one piece from the queenside.}) 37... Bf5
38. Rh5 (38. Nd3 Rxf3 {-37.Nd3}) 38... Bxc2 39. Rb5+ Ka8 $8 40. Nd5 $6 {
[%cal Rd5c7][%mdl 4096]} (40. Ne6 $142 $1 a6 41. Ra5 {/\} Bd3 42. Nc5 $36 {
gives White better winning chances, now the endgame is drawish.}) 40... a6 $8
41. Ra5 Kb7 42. Nb4 Bg6 43. Nxa6 Rxf3 $11 {/+/= Black is again close to full
equality, but down to 10-second increments on his clock. White continues to
press, as he runs almost no risk of losing.} 44. Nc5+ Kb6 (44... Kc6 $142 $1)
45. b4 Rf4 46. a3 Rg4 (46... Rf2 47. a4 Kc6 $1 $132 {[%cal Yc6d5,Yd5c4]}) (
46... h5 $4 47. Ra6+) 47. Kd2 h5 48. Nd7+ Kb7 49. Ne5 Rg2+ 50. Kc3 (50. Ke3 Be8
$11 (50... h4 $5 $132)) 50... Be8 51. Nd3 h4 52. Re5 Bg6 53. Nf4 Rg3+ 54. Kd4 (
54. Kb2 h3 55. Nxg6 Rxg6 56. Rh5 Rg2+ 57. Kb3 Rg3+ 58. Ka4 Kc6 59. Rh6+ Kd5 60.
b5 Kc5 61. Rh4 Rf3 62. Rh5+ Kb6 63. Kb4 Rf4+ 64. Kb3 Rf3+ $11) 54... Bc2 55.
Rh5 Rxa3 56. Rxh4 Rg3 {This is a theoretical draw, but not so simple to defend
in practice, being desperately and permanently short of time.} (56... Ba4 $5 {
stops the P from advancing further.}) 57. Nd5 Rg5 (57... Bd3 $11) 58. b5 Bf5 (
58... Bd3 $1 59. b6 Bg6 {[%cal Yg6f7] forces a draw immediately.}) 59. Rh6 Bg4
(59... Bd3 $5 $11 {was still possible.}) 60. Rf6 (60. Rh7+ Kb8 61. Nb4 Bf3 $1
$11 (61... Rxb5 $4 62. Nc6+ Kc8 63. Na7+)) 60... Rf5 61. Rb6+ Ka7 62. Rg6 Bf3
63. Rg7+ Kb8 64. Nc3 Bb7 65. Kc4 Bf3 66. Kb4 Bd5 67. Na4 {[%cal Yb4a5,Ya4c5,
Yb5b6]} Rf7 68. Rg5 Bf3 (68... Bh1 69. Nc5 Rf1 {/\} 70. b6 Rb1+ 71. Ka5 Ra1+
$11) 69. Nc5 Kc7 70. Rg6 Kd8 $6 {Black runs away form the pawn, fearing mating
threats.} ({After} 70... Bb7 $5 71. b6+ Kb8 72. Rg8+ Bc8 {White achieves his
maximum, but still has no effective way to improve his position.} 73. b7 Rxb7+
$11) 71. Ka5 (71. b6 $5) 71... Rf5 $4 {Runs into a decisive fork. After other
moves Black should still hold.} (71... Bh1 $14) (71... Ra7+ $14) 72. Ne6+ Kc8
73. Nd4 $1 Rf8 74. Nxf3 Rxf3 75. Kb6 $18 Rb3 (75... Rf8 {/\Kb8=} 76. Ka7 $1
Rf7+ 77. Ka8 Rf1 78. Ra6 {[%cal Rb5b8]} (78. Rc6+ Kd7 79. Kb7 $18) 78... Rb1
79. b6 Rb2 80. Ka7 $18 {[%cal Ya6a1,Ya1c1]}) 76. Rg8+ Kd7 77. Rb8 {[%cal Rb6a7,
Rb5b6] Here the theoretical win is very simple, White just forces his passed
pawn through.} 1-0